[Event "Rio de Janeiro op 3rd"]
[White "Matsura, Eduardo"]
[Black "Denti, Debora Schevinski"]
[Site "Rio de Janeiro"]
[Round "7"]
[Result "1-0"]
[Date "2024.04.26"]
[WhiteElo "1764"]
[BlackElo "1600"]
[PlyCount "99"]
[EventDate "2024.04.22"]
[EventType "swiss"]
[EventRounds "9"]
[EventCountry "BRA"]
[SourceTitle "CBM 219 Extra"]
[Source "ChessBase"]
[SourceDate "2024.05.31"]
[SourceVersion "1"]
[SourceVersionDate "2024.05.31"]
[SourceQuality "1"]

1. b3 e5 2. Bb2 Nc6 3. g3 d5 4. Bg2 Be6 5. e3 Nf6 6. Ne2 Bd6 7. d3 0-0 8. Nd2 Qd7 9. h3 a5 10. a3 Rfe8 11. g4 h6 12. Ng3 d4 13. e4 b5 14. Nf5 b4 15. a4 Kh7 16. Nf3 g6 17. Nxh6 Kxh6 18. g5+ Kg7 19. gxf6+ Kxf6 20. Qd2 Kg7 21. Qg5 Be7 22. Qg3 Bf6 23. Bc1 Rh8 24. Bg5 Qe7 25. 0-0 Rh5 26. h4 Rah8 27. Rfe1 Bxg5 28. hxg5 f6 29. Kf1 Bh3 30. Ke2 fxg5 31. Bxh3 Rxh3 32. Qxg5 Rxf3 33. Qxe7+ Nxe7 34. Kxf3 g5 35. Rh1 Rf8+ 36. Ke2 Ng6 37. Rag1 Nf4+ 38. Ke1 Kg6 39. Rg3 c5 40. Rhg1 Ne6 41. Rh3 Nf4 42. Rh2 Rf7 43. Rh8 Rg7 44. f3 Ne6 45. Rgh1 Kf7 46. Ra8 Rg6 47. Rxa5 Rf6 48. Rh3 Ke7 49. Rh7+ Rf7 50. Ra7+ 1-0

[Event "Rio de Janeiro op 3rd"]
[White "Silva, Marcelo dos Santos"]
[Black "Matsura, Eduardo"]
[Site "Rio de Janeiro"]
[Round "3"]
[Result "1-0"]
[Date "2024.04.23"]
[WhiteElo "1914"]
[BlackElo "1764"]
[PlyCount "47"]
[EventDate "2024.04.22"]
[EventType "swiss"]
[EventRounds "9"]
[EventCountry "BRA"]
[SourceTitle "CBM 219 Extra"]
[Source "ChessBase"]
[SourceDate "2024.05.31"]
[SourceVersion "1"]
[SourceVersionDate "2024.05.31"]
[SourceQuality "1"]

1. c4 b6 2. d4 Bb7 3. Nc3 e6 4. e4 d6 5. Bd3 g6 6. Nge2 Bg7 7. 0-0 Nd7 8. Be3 Ne7 9. Qd2 h6 10. f4 c5 11. Nb5 Qb8 12. e5 Nc8 13. d5 0-0 14. dxe6 fxe6 15. Bxg6 d5 16. cxd5 Bxd5 17. Nbc3 Ne7 18. Bc2 Qb7 19. Ng3 Rad8 20. Qe2 Nf5 21. Nxf5 Rxf5 22. Bxf5 exf5 23. Nxd5 Qxd5 24. Rfd1 1-0

[Event "Sao Paulo Hebraica op 31st"]
[White "Matsura, Eduardo"]
[Black "De Fassio, Davi dos Santos"]
[Site "Sao Paulo"]
[Round "5"]
[Result "1/2-1/2"]
[Date "2023.07.02"]
[WhiteElo "1691"]
[BlackElo "1349"]
[PlyCount "136"]
[EventDate "2023.06.30"]
[EventType "swiss"]
[EventRounds "6"]
[EventCountry "BRA"]
[SourceTitle "CBM 215 Extra"]
[Source "ChessBase"]
[SourceDate "2023.09.30"]
[SourceVersion "1"]
[SourceVersionDate "2023.09.30"]
[SourceQuality "1"]

1. b3 d5 2. Bb2 c5 3. e3 Nc6 4. d3 e5 5. Nd2 Nf6 6. Ne2 Bd6 7. g3 Bf5 8. Bg2 Qd7 9. h3 h5 10. a3 0-0-0 11. Nc3 d4 12. Nce4 Rhe8 13. Nxd6+ Qxd6 14. e4 Bg6 15. 0-0 Rh8 16. Nf3 Rdg8 17. Qd2 Qd7 18. Nh4 Bh7 19. Qg5 Ne8 20. b4 f6 21. Qd2 g5 22. Nf5 Bxf5 23. exf5 Nd6 24. c3 Nxf5 25. cxd4 Ncxd4 26. bxc5 Re8 27. Bxd4 Nxd4 28. c6 Qd6 29. Qa5 Kb8 30. Rab1 b6 31. Qd5 Qxd5 32. Bxd5 Kc7 33. Bg2 Rd8 34. f4 Ne2+ 35. Kf2 Nd4 36. fxe5 fxe5 37. Kg1 Rhf8 38. Be4 Ne2+ 39. Kg2 Nc3 40. Rbc1 Nxe4 41. dxe4 Rd2+ 42. Kg1 Rxf1+ 43. Rxf1 Rd3 44. Kg2 Rxa3 45. Rf5 Ra2+ 46. Kf3 b5 47. Rxe5 Kxc6 48. Rd5 Ra3+ 49. Kf2 b4 50. Rd1 h4 51. gxh4 gxh4 52. e5 Ra5 53. Rd4 Kc5 54. Re4 Ra2+ 55. Kf3 Rd2 56. e6 Rd8 57. e7 Re8 58. Ke3 a5 59. Kd3 a4 60. Kc2 Kb5 61. Kb2 a3+ 62. Kb3 Kc5 63. Rc4+ Kd5 64. Rxb4 Rxe7 65. Rxh4 Re3+ 66. Ka2 Ke5 67. Ra4 Rxh3 68. Rxa3 Rxa3+ 1/2-1/2

[Event "Sao Paulo Hebraica op 31st"]
[White "Matsura, Eduardo"]
[Black "Leite, Lucas Bueno de Oliv"]
[Site "Sao Paulo"]
[Round "1"]
[Result "1/2-1/2"]
[Date "2023.06.30"]
[WhiteElo "1691"]
[BlackElo "1123"]
[PlyCount "76"]
[EventDate "2023.06.30"]
[EventType "swiss"]
[EventRounds "6"]
[EventCountry "BRA"]
[SourceTitle "CBM 215 Extra"]
[Source "ChessBase"]
[SourceDate "2023.09.30"]
[SourceVersion "1"]
[SourceVersionDate "2023.09.30"]
[SourceQuality "1"]

1. b3 d5 2. Bb2 c6 3. g3 Bf5 4. Bg2 e6 5. d3 Nf6 6. Nd2 Bb4 7. a3 Ba5 8. b4 Bb6 9. Ngf3 Nbd7 10. 0-0 0-0 11. h3 Re8 12. Nh4 Bg6 13. Nxg6 hxg6 14. e4 d4 15. Nc4 e5 16. f4 Bc7 17. Qd2 b5 18. Nxe5 Nxe5 19. fxe5 Bxe5 20. c3 a5 21. g4 axb4 22. cxb4 Nh7 23. Qf2 f6 24. Bc1 Qd6 25. Bf4 Nf8 26. Bxe5 Qxe5 27. Rfc1 Ra6 28. Rc5 Qc7 29. Qb2 Re5 30. Rxe5 Qxe5 31. Qb3+ Ne6 32. Rf1 Kh7 33. Qb2 Nf4 34. Rf3 g5 35. Bf1 Kg6 36. Qb3 Qe6 37. Qb2 Qe5 38. Qb3 Qe6 1/2-1/2

[Event "BRA Amateur-ch U2200"]
[White "Goussain, Blaha Gregory Corre"]
[Black "Matsura, Eduardo"]
[Site "Sao Paulo"]
[Round "5"]
[Result "1/2-1/2"]
[Date "2022.11.05"]
[WhiteElo "1837"]
[BlackElo "1674"]
[PlyCount "47"]
[EventDate "2022.11.03"]
[EventType "swiss"]
[EventRounds "7"]
[EventCountry "BRA"]
[SourceTitle "CBM 211 Extra"]
[Source "ChessBase"]
[SourceDate "2023.01.31"]
[SourceVersion "1"]
[SourceVersionDate "2023.01.31"]
[SourceQuality "1"]

1. d4 b6 2. Bf4 Bb7 3. e3 Nf6 4. Nf3 d6 5. Be2 g6 6. h3 Bg7 7. 0-0 0-0 8. a4 a6 9. Na3 Nbd7 10. Bh2 Re8 11. Nc4 c5 12. c3 Rc8 13. Nfd2 Qc7 14. Re1 Qb8 15. Bf3 Qa8 16. Qb3 Bxf3 17. Nxf3 Qc6 18. Ncd2 Rb8 19. Qc2 b5 20. axb5 axb5 21. dxc5 Nxc5 22. Nd4 Qb7 23. Ra5 Qd7 24. Rea1 1/2-1/2

[Event "BRA Amateur-ch U2200"]
[White "Matsura, Eduardo"]
[Black "Martins de Aguiar, Marina"]
[Site "Sao Paulo"]
[Round "1"]
[Result "1-0"]
[Date "2022.11.03"]
[WhiteElo "1674"]
[BlackElo "1884"]
[PlyCount "85"]
[EventDate "2022.11.03"]
[EventType "swiss"]
[EventRounds "7"]
[EventCountry "BRA"]
[SourceTitle "CBM 211 Extra"]
[Source "ChessBase"]
[SourceDate "2023.01.31"]
[SourceVersion "1"]
[SourceVersionDate "2023.01.31"]
[SourceQuality "1"]

1. b3 Nf6 2. Bb2 e6 3. g3 d5 4. Bg2 c5 5. d3 Be7 6. e3 Nc6 7. Ne2 0-0 8. Nd2 b6 9. 0-0 Bb7 10. h3 Nd7 11. f4 Bf6 12. Bxf6 Nxf6 13. Nf3 Qc7 14. g4 e5 15. Nd2 d4 16. e4 exf4 17. Nxf4 Ne5 18. Nc4 Rad8 19. Nxe5 Qxe5 20. Qf3 Ba8 21. Qg3 Qg5 22. Bf3 Qe5 23. Rae1 Ne8 24. Bg2 Nd6 25. Ne2 Qe7 26. Qf4 Nb5 27. a4 Nc7 28. Rf2 Bc6 29. Ng3 Ne6 30. Qd2 g6 31. Ref1 Kg7 32. Rf6 Bd7 33. h4 Qd6 34. Nf5+ gxf5 35. Qh6+ Kh8 36. exf5 Qg3 37. fxe6 Bc6 38. R6f2 Rc8 39. Qf6+ Kg8 40. exf7+ Rxf7 41. Qxf7+ Kh8 42. Qf6+ Kg8 43. Qg5+ 1-0

[Event "BRA Amateur-ch U2200"]
[White "Moyses Sobrinho, Elias"]
[Black "Matsura, Eduardo"]
[Site "Sao Paulo"]
[Round "2"]
[Result "1-0"]
[Date "2022.11.03"]
[WhiteElo "1848"]
[BlackElo "1674"]
[PlyCount "55"]
[EventDate "2022.11.03"]
[EventType "swiss"]
[EventRounds "7"]
[EventCountry "BRA"]
[SourceTitle "CBM 211 Extra"]
[Source "ChessBase"]
[SourceDate "2023.01.31"]
[SourceVersion "1"]
[SourceVersionDate "2023.01.31"]
[SourceQuality "1"]

1. d4 b6 2. c4 Bb7 3. Nc3 e6 4. e4 Ne7 5. Nf3 g6 6. g3 Bg7 7. Bg2 d6 8. 0-0 Nd7 9. Be3 Nf6 10. d5 e5 11. h3 0-0 12. Qd2 Nd7 13. Bh6 a5 14. Bxg7 Kxg7 15. a3 Nc5 16. Qc2 a4 17. Nd2 f5 18. b4 axb3 19. Nxb3 Nxb3 20. Qxb3 fxe4 21. Nxe4 Nf5 22. Qb2 Qe7 23. Rae1 Rae8 24. Nc3 Ba6 25. Nb5 Bxb5 26. cxb5 Kh8 27. a4 Qf7 28. Re4 1-0

[Event "Niteroi op 2nd"]
[White "Matsura, Eduardo"]
[Black "Vaz, Vania Dora Madona"]
[Site "Niteroi"]
[Round "6"]
[Result "1-0"]
[Date "2022.09.04"]
[WhiteElo "1692"]
[BlackElo "1240"]
[PlyCount "67"]
[EventDate "2022.09.01"]
[EventType "swiss"]
[EventRounds "9"]
[EventCountry "BRA"]
[SourceTitle "CBM 210 Extra"]
[Source "ChessBase"]
[SourceDate "2022.11.30"]
[SourceVersion "1"]
[SourceVersionDate "2022.11.30"]
[SourceQuality "1"]

1. b3 Nf6 2. Bb2 d5 3. g3 g6 4. Bg2 Bg7 5. e3 0-0 6. Ne2 Re8 7. d3 c5 8. Nd2 b6 9. 0-0 Nc6 10. h3 h5 11. Rb1 Bb7 12. a3 Qc7 13. Bxf6 Bxf6 14. Bxd5 e6 15. Bg2 Rad8 16. f4 Ne7 17. e4 Bg7 18. g4 hxg4 19. hxg4 f6 20. Qe1 e5 21. Qg3 Nc6 22. g5 Qf7 23. fxe5 Nxe5 24. Nc4 Nxc4 25. bxc4 f5 26. Rbe1 Be5 27. Qh3 Qh7 28. Qxh7+ Kxh7 29. exf5 Bxg2 30. Kxg2 Rf8 31. f6 Kg8 32. Rh1 Kf7 33. Rh7+ Ke6 34. Re7+ 1-0

[Event "BRA-ch U2300 Amateurs"]
[White "Alves, Danilo Vieira"]
[Black "Matsura, Eduardo"]
[Site "Sao Paulo"]
[Round "6"]
[Result "1-0"]
[Date "2022.06.18"]
[WhiteElo "1729"]
[BlackElo "1690"]
[PlyCount "79"]
[EventDate "2022.06.16"]
[EventType "swiss"]
[EventRounds "7"]
[EventCountry "BRA"]
[SourceTitle "CBM 208 Extra"]
[Source "ChessBase"]
[SourceDate "2022.07.31"]
[SourceVersion "1"]
[SourceVersionDate "2022.07.31"]
[SourceQuality "1"]

1. d4 b6 2. e4 Bb7 3. Nc3 e6 4. Bd3 g6 5. h4 Nc6 6. Bg5 Be7 7. Nf3 d6 8. Qd2 h5 9. 0-0-0 Nf6 10. Kb1 Ng4 11. Rde1 Qd7 12. d5 Nce5 13. Nxe5 Nxe5 14. Bb5 c6 15. dxc6 Bxc6 16. Bxe7 Kxe7 17. Nd5+ exd5 18. Bxc6 Qxc6 19. exd5 Qc5 20. f4 f6 21. Rhf1 Rhf8 22. b3 b5 23. fxe5 dxe5 24. Qh6 Qxd5 25. Qg7+ Rf7 26. Qxg6 Rc8 27. Qxh5 Rc7 28. Qe2 Ke6 29. g4 Rg7 30. Qf2 Rcf7 31. Qf5+ Ke7 32. g5 Qe6 33. gxf6+ Rxf6 34. Qd3 Rxf1 35. Rxf1 a6 36. Qf3 Rg8 37. Qb7+ Ke8 38. Re1 Rf8 39. Qb8+ Ke7 40. Qc7+ 1-0

[Event "Sao Jose dos Campos op"]
[White "Matsura, Eduardo"]
[Black "Matsuura, Everaldo"]
[Site "Sao Jose dos Campos"]
[Round "1"]
[Result "0-1"]
[Date "2021.10.09"]
[WhiteElo "1687"]
[BlackElo "2464"]
[PlyCount "60"]
[EventDate "2021.10.09"]
[EventType "swiss"]
[EventRounds "7"]
[EventCountry "BRA"]
[SourceTitle "CBM 204 Extra"]
[Source "ChessBase"]
[SourceDate "2021.11.30"]
[SourceVersion "1"]
[SourceVersionDate "2021.11.30"]
[SourceQuality "1"]

1. Nf3 d5 2. g3 Nf6 3. Bg2 g6 4. 0-0 Bg7 5. d3 0-0 6. Nbd2 c5 7. Re1 Nc6 8. e4 d4 9. Nc4 Ne8 10. a4 e5 11. Bg5 f6 12. Bd2 Be6 13. b3 b6 14. Qe2 Rb8 15. h3 a6 16. Reb1 Qc8 17. Kh2 b5 18. axb5 axb5 19. Na5 Nb4 20. Rc1 Rf7 21. c3 dxc3 22. Bxc3 Rc7 23. Bxb4 cxb4 24. Qd2 Ra8 25. Rxc7 Qxc7 26. Qxb4 Bf8 27. Qd2 b4 28. Qa2 Nd6 29. Nd2 Nb7 30. Ndc4 Bxc4 0-1

[Event "Sao Paulo Carnaval op"]
[White "Borges, Leonardo Hisao Hera"]
[Black "Matsura, Eduardo"]
[Site "Sao Paulo"]
[Round "7"]
[Result "1-0"]
[Date "2020.02.25"]
[WhiteElo "1885"]
[BlackElo "1697"]
[PlyCount "97"]
[EventDate "2020.02.22"]
[EventType "swiss"]
[EventRounds "7"]
[EventCountry "BRA"]
[SourceTitle "CBM 195 Extra"]
[Source "ChessBase"]
[SourceDate "2020.05.31"]
[SourceVersion "1"]
[SourceVersionDate "2020.05.31"]
[SourceQuality "1"]

1. Nf3 g6 2. c4 Bg7 3. d4 Nf6 4. g3 0-0 5. b3 c5 6. Bb2 cxd4 7. Nxd4 d5 8. Nd2 Nc6 9. Nxc6 bxc6 10. Bg2 Ba6 11. Qc2 Rc8 12. 0-0 e6 13. Rfd1 Nd7 14. Bxg7 Kxg7 15. Qb2+ Kg8 16. Rac1 Qe7 17. e4 dxc4 18. Nxc4 Bxc4 19. Rxc4 Nb6 20. Rc2 Rfd8 21. Rdc1 Rd7 22. Rxc6 Rcd8 23. Bf3 Rd2 24. R1c2 Rxc2 25. Rxc2 Qd6 26. Kg2 e5 27. b4 Qd3 28. Rc3 Qd4 29. Qb3 Rd7 30. a4 Rb7 31. a5 Nd7 32. Rc4 Qd2 33. Qd1 Qxd1 34. Bxd1 Kf8 35. Ba4 Ke7 36. Bc6 Rc7 37. b5 Nb8 38. Bd5 Rxc4 39. Bxc4 Nd7 40. f4 f6 41. Kf3 exf4 42. gxf4 Kd6 43. Bd5 Kc5 44. Bc6 Nb8 45. Be8 g5 46. fxg5 fxg5 47. Kg4 Kd4 48. Kxg5 Kxe4 49. a6 1-0

[Event "Sao Paulo Carnaval op"]
[White "Cadilhac, Igor Tokuichi Kikuc"]
[Black "Matsura, Eduardo"]
[Site "Sao Paulo"]
[Round "1"]
[Result "1-0"]
[Date "2020.02.22"]
[WhiteElo "2323"]
[BlackElo "1697"]
[PlyCount "61"]
[EventDate "2020.02.22"]
[EventType "swiss"]
[EventRounds "7"]
[EventCountry "BRA"]
[SourceTitle "CBM 195 Extra"]
[Source "ChessBase"]
[SourceDate "2020.05.31"]
[SourceVersion "1"]
[SourceVersionDate "2020.05.31"]
[SourceQuality "1"]

1. e4 g6 2. d4 Bg7 3. Nc3 d6 4. f4 a6 5. Nf3 b5 6. Bd3 Nd7 7. e5 e6 8. 0-0 d5 9. Be3 Ne7 10. Qd2 Bb7 11. Ne2 Rc8 12. a4 c6 13. g4 0-0 14. f5 c5 15. f6 Nxf6 16. exf6 Bxf6 17. c3 cxd4 18. cxd4 Nc6 19. axb5 axb5 20. Bh6 Qb6 21. Bxf8 Nxd4 22. Nexd4 Bxd4+ 23. Kg2 Rxf8 24. Qa5 b4 25. Qxb6 Bxb6 26. Rfc1 f6 27. Ra4 Rd8 28. Ba6 Ra8 29. Rca1 Bc6 30. Bb5 Rxa4 31. Rxa4 1-0

[Event "Sao Paulo Carnaval op"]
[White "Matsura, Eduardo"]
[Black "Rodolpho Filho, Joao"]
[Site "Sao Paulo"]
[Round "2"]
[Result "1-0"]
[Date "2020.02.22"]
[WhiteElo "1697"]
[BlackElo "1380"]
[PlyCount "87"]
[EventDate "2020.02.22"]
[EventType "swiss"]
[EventRounds "7"]
[EventCountry "BRA"]
[SourceTitle "CBM 195 Extra"]
[Source "ChessBase"]
[SourceDate "2020.05.31"]
[SourceVersion "1"]
[SourceVersionDate "2020.05.31"]
[SourceQuality "1"]

1. Nf3 Nf6 2. g3 d5 3. Bg2 e6 4. 0-0 Be7 5. d3 0-0 6. Nbd2 Nbd7 7. e4 dxe4 8. dxe4 e5 9. Nc4 Bd6 10. Bg5 h6 11. Bxf6 Qxf6 12. Nxd6 cxd6 13. Nd2 Rd8 14. Nc4 Nf8 15. Ne3 Be6 16. Nd5 Bxd5 17. Qxd5 b6 18. Rfd1 Qe6 19. Bf1 Qxd5 20. Rxd5 Rac8 21. c3 Rc5 22. Rd2 Ne6 23. Rad1 Ng5 24. Bg2 f6 25. Rxd6 Rxd6 26. Rxd6 Rc7 27. f3 Kf8 28. Kf2 Ke7 29. Rd5 Rd7 30. Rxd7+ Kxd7 31. Ke3 Kd6 32. Kd3 Ne6 33. Kc4 a6 34. Kb4 Nc7 35. a4 a5+ 36. Kc4 g5 37. Bh3 h5 38. Bc8 Ke7 39. h4 gxh4 40. gxh4 Ne8 41. Kd5 Nd6 42. Bf5 Nxf5 43. exf5 Kd7 44. b3 1-0

[Event "Sao Paulo Hebraica op 27th"]
[White "Matsura, Eduardo"]
[Black "Ferreira, Caio Tulio Moreira"]
[Site "Sao Paulo"]
[Round "6"]
[Result "1/2-1/2"]
[Date "2020.01.12"]
[WhiteElo "1722"]
[BlackElo "1640"]
[PlyCount "62"]
[EventDate "2020.01.10"]
[EventType "swiss"]
[EventRounds "6"]
[EventCountry "BRA"]
[SourceTitle "CBM 194 Extra"]
[Source "ChessBase"]
[SourceDate "2020.03.31"]
[SourceVersion "1"]
[SourceVersionDate "2020.03.31"]
[SourceQuality "1"]

1. Nf3 c5 2. g3 Nc6 3. Bg2 g6 4. 0-0 Bg7 5. d3 Nf6 6. e4 d6 7. c3 0-0 8. Re1 Bd7 9. d4 cxd4 10. cxd4 Rc8 11. Nc3 a6 12. h3 b5 13. e5 dxe5 14. dxe5 Ne8 15. Nd5 Be6 16. Nf4 Nc7 17. Nxe6 Nxe6 18. Be3 Nxe5 19. Nxe5 Bxe5 20. Qb3 Bg7 21. Bb7 Rc4 22. Bxa6 Nd4 23. Bxd4 Qxd4 24. Rad1 Qxb2 25. Qxb2 Bxb2 26. Bxb5 Rc7 27. a4 e6 28. Re2 Bc3 29. Rc2 Rfc8 30. Ba6 Ra8 31. Bb5 Rac8 1/2-1/2

[Event "Sao Paulo Hebraica op 27th"]
[White "Amaral, Danilo Tokechi"]
[Black "Matsura, Eduardo"]
[Site "Sao Paulo"]
[Round "3"]
[Result "1-0"]
[Date "2020.01.11"]
[WhiteElo "1505"]
[BlackElo "1722"]
[PlyCount "133"]
[EventDate "2020.01.10"]
[EventType "swiss"]
[EventRounds "6"]
[EventCountry "BRA"]
[SourceTitle "CBM 194 Extra"]
[Source "ChessBase"]
[SourceDate "2020.03.31"]
[SourceVersion "1"]
[SourceVersionDate "2020.03.31"]
[SourceQuality "1"]

1. e4 g6 2. d4 Bg7 3. Nf3 d6 4. Nc3 a6 5. Be3 b5 6. Qd2 Bb7 7. Bd3 Nd7 8. 0-0-0 c5 9. Kb1 c4 10. Be2 e6 11. d5 b4 12. dxe6 fxe6 13. Na4 Bxe4 14. Qxd6 Qe7 15. Qxe7+ Kxe7 16. Rxd7+ Kxd7 17. Nc5+ Kc7 18. Nxe4 c3 19. Bd4 Bxd4 20. Nxd4 e5 21. Ne6+ Kd7 22. N6c5+ Ke7 23. Rd1 Ra7 24. bxc3 bxc3 25. Nxc3 Nf6 26. Nd5+ Nxd5 27. Rxd5 e4 28. Rd4 e3 29. fxe3 Rf8 30. Rf4 Rd8 31. Bd3 a5 32. Kc1 Rc7 33. Na6 Rc6 34. Rd4 Ra8 35. Re4+ Kf6 36. Kd2 Rcxa6 37. Bxa6 Rxa6 38. Ra4 Ke5 39. Kd3 Kd5 40. c4+ Kc5 41. e4 Rd6+ 42. Ke3 Ra6 43. e5 Ra7 44. Ke4 Ra6 45. g4 Ra7 46. h4 Ra8 47. h5 Ra7 48. hxg6 hxg6 49. Kf4 Ra6 50. Kg5 Kd4 51. e6 Rxe6 52. Rxa5 Kxc4 53. Kh6 Kb4 54. Rg5 Re2 55. Rxg6 Rxa2 56. g5 Rh2+ 57. Kg7 Rg2 58. Kh7 Kc5 59. Rg8 Rh2+ 60. Kg7 Kd6 61. Rf8 Ke6 62. g6 Ke7 63. Rf7+ Ke8 64. Kg8 Rg2 65. g7 Kd8 66. Kf8 Re2 67. g8Q 1-0

[Event "Sao Paulo Hebraica op 27th"]
[White "Matsura, Eduardo"]
[Black "Barberi, Catarina"]
[Site "Sao Paulo"]
[Round "4"]
[Result "1/2-1/2"]
[Date "2020.01.11"]
[WhiteElo "1722"]
[BlackElo "1321"]
[PlyCount "104"]
[EventDate "2020.01.10"]
[EventType "swiss"]
[EventRounds "6"]
[EventCountry "BRA"]
[SourceTitle "CBM 194 Extra"]
[Source "ChessBase"]
[SourceDate "2020.03.31"]
[SourceVersion "1"]
[SourceVersionDate "2020.03.31"]
[SourceQuality "1"]

1. Nf3 Nf6 2. g3 g6 3. Bg2 Bg7 4. 0-0 0-0 5. d3 d5 6. Nbd2 Bf5 7. Nd4 Bc8 8. N2f3 c5 9. Nb3 b6 10. c3 Nc6 11. Re1 Bb7 12. Qc2 Re8 13. e4 dxe4 14. dxe4 e5 15. Bg5 Qc7 16. Nbd2 h6 17. Bxf6 Bxf6 18. Nf1 Nb8 19. Ne3 Nd7 20. a4 Bg7 21. Nd2 Nf6 22. Ndc4 Rad8 23. Rad1 Qe7 24. f3 Rd7 25. Bh3 Rdd8 26. Qb3 Qc7 27. Qc2 Bc6 28. b3 a6 29. Ng4 Nxg4 30. Bxg4 b5 31. Ne3 h5 32. Bh3 Rd6 33. Rxd6 Qxd6 34. Rd1 Qc7 35. Nd5 Bxd5 36. Rxd5 Rd8 37. axb5 axb5 38. Bf1 Rxd5 39. exd5 c4 40. bxc4 bxc4 41. Qa4 Qc5+ 42. Kg2 Qxd5 43. Qxc4 Qd2+ 44. Kh1 e4 45. Qxe4 Qxc3 46. Bc4 Qa1+ 47. Kg2 Qb2+ 48. Kh3 Qb8 49. Qd5 Qf8 50. Qd7 Bf6 51. g4 hxg4+ 52. Kxg4 Qe7 1/2-1/2

[Event "Sao Paulo Hebraica op 27th"]
[White "Matsura, Eduardo"]
[Black "Awoki, Daniel Teidi"]
[Site "Sao Paulo"]
[Round "2"]
[Result "0-1"]
[Date "2020.01.10"]
[WhiteElo "1722"]
[BlackElo "2178"]
[PlyCount "100"]
[EventDate "2020.01.10"]
[EventType "swiss"]
[EventRounds "6"]
[EventCountry "BRA"]
[SourceTitle "CBM 194 Extra"]
[Source "ChessBase"]
[SourceDate "2020.03.31"]
[SourceVersion "1"]
[SourceVersionDate "2020.03.31"]
[SourceQuality "1"]

1. Nf3 d5 2. g3 Nf6 3. Bg2 Nbd7 4. 0-0 e5 5. d3 Be7 6. Nbd2 0-0 7. e4 dxe4 8. dxe4 c6 9. b3 Qc7 10. Bb2 Re8 11. Re1 Bc5 12. h3 a5 13. a3 b5 14. Bf1 Bb7 15. Bd3 Nf8 16. Qe2 N6d7 17. a4 b4 18. Nc4 Ne6 19. Kg2 f6 20. Rad1 Kh8 21. Ne3 Nb6 22. Nc4 Nd7 23. Rd2 Bf8 24. Red1 Ndc5 25. Ne3 Nxd3 26. Qxd3 Nc5 27. Qe2 Nxe4 28. Rd7 Qb8 29. Nc4 Nc5 30. R7d2 Qc7 31. Kh2 Ba6 32. Nh4 Red8 33. Nf5 Rxd2 34. Rxd2 Rd8 35. Rxd8 Qxd8 36. Qd2 Qxd2 37. Nxd2 Nb7 38. Kg2 Kg8 39. Ne3 Nd6 40. c3 c5 41. c4 Kf7 42. Kf3 Ke6 43. g4 g6 44. Kg3 Bb7 45. h4 Bh6 46. Bc1 Bxe3 47. fxe3 Ne4+ 48. Nxe4 Bxe4 49. g5 f5 50. h5 Bc2 0-1

[Event "Sao Paulo op-A U2300 8th"]
[White "Matsura, Eduardo"]
[Black "De Souza Haro, Paulo Cezar"]
[Site "Sao Paulo"]
[Round "4"]
[Result "1/2-1/2"]
[Date "2019.10.19"]
[WhiteElo "1721"]
[BlackElo "2147"]
[PlyCount "72"]
[EventDate "2019.10.17"]
[EventType "swiss"]
[EventRounds "6"]
[EventCountry "BRA"]
[SourceTitle "CBM 192 Extra"]
[Source "Chessbase"]
[SourceDate "2019.11.06"]
[SourceVersion "1"]
[SourceVersionDate "2019.11.06"]
[SourceQuality "1"]

1. Nf3 d5 2. g3 h6 3. Bg2 Nf6 4. 0-0 Bf5 5. d3 e6 6. c4 c6 7. b3 Be7 8. Bb2 0-0 9. Nbd2 Bh7 10. Re1 Nbd7 11. Ne5 Nxe5 12. Bxe5 Ng4 13. Bb2 f5 14. h3 Nf6 15. e3 Bd6 16. f4 a5 17. Qc2 Qe8 18. Nf3 Nh5 19. Kh2 Bb4 20. Rf1 Nf6 21. Ne5 Bd6 22. c5 Bc7 23. Bf3 Nd7 24. Nxd7 Qxd7 25. d4 g5 26. Be2 Rf7 27. Bc3 Rg7 28. Bd3 Kh8 29. Rg1 Qf7 30. Qf2 Rag8 31. Rab1 h5 32. h4 gxf4 33. gxf4 Rg4 34. Be2 Qf6 35. Bxg4 fxg4 36. Rb2 Be4 1/2-1/2

[Event "Sao Paulo STD U2200 op 5th"]
[White "Ishikawa, Emilio Keiji"]
[Black "Matsura, Eduardo"]
[Site "Sao Paulo"]
[Round "6"]
[Result "0-1"]
[Date "2019.09.01"]
[WhiteElo "1689"]
[BlackElo "1676"]
[PlyCount "86"]
[EventDate "2019.08.30"]
[EventType "swiss"]
[EventRounds "6"]
[EventCountry "BRA"]
[SourceTitle "CBM 195 Extra"]
[Source "ChessBase"]
[SourceDate "2020.05.31"]
[SourceVersion "1"]
[SourceVersionDate "2020.05.31"]
[SourceQuality "1"]

1. d4 Nf6 2. c4 g6 3. Nc3 Bg7 4. Nf3 0-0 5. e4 d6 6. h3 Nbd7 7. Be3 e5 8. d5 Nc5 9. Bxc5 dxc5 10. Bd3 Nh5 11. g3 Bh6 12. Qc2 Qe7 13. Nd2 Bd7 14. 0-0-0 a6 15. Kb1 b5 16. Rdf1 Rab8 17. Be2 Nf6 18. g4 b4 19. Nd1 Bxd2 20. Qxd2 Nxe4 21. Qe3 f5 22. Bd3 Nd6 23. Qxc5 e4 24. Re1 Qf6 25. Bc2 Rfc8 26. gxf5 gxf5 27. Reg1+ Kh8 28. h4 c6 29. h5 cxd5 30. Qxd5 Nxc4 31. Rg6 Be6 32. Qxc4 hxg6 33. hxg6+ Kg7 34. Qf1 b3 35. axb3 Bxb3 36. Bxb3 Rxb3 37. Qe2 Qxg6 38. Qd2 Rd3 39. Qb4 Qd6 40. Rg1+ Kf6 41. Qxd6+ Rxd6 42. Re1 Rd2 43. Nc3 Rxf2 0-1

[Event "Sao Paulo STD U2200 op 5th"]
[White "Melo, Sergio Roberto Samp"]
[Black "Matsura, Eduardo"]
[Site "Sao Paulo"]
[Round "3"]
[Result "0-1"]
[Date "2019.08.31"]
[WhiteElo "1747"]
[BlackElo "1676"]
[PlyCount "98"]
[EventDate "2019.08.30"]
[EventType "swiss"]
[EventRounds "6"]
[EventCountry "BRA"]
[SourceTitle "CBM 195 Extra"]
[Source "ChessBase"]
[SourceDate "2020.05.31"]
[SourceVersion "1"]
[SourceVersionDate "2020.05.31"]
[SourceQuality "1"]

1. Nf3 Nf6 2. b3 g6 3. Bb2 Bg7 4. c4 0-0 5. g3 d6 6. Bg2 e5 7. d3 Nc6 8. 0-0 Be6 9. Nc3 Nh5 10. h4 f5 11. Ng5 Bf7 12. Nxf7 Kxf7 13. Nd5 Kg8 14. b4 Rb8 15. Rc1 Nd4 16. e3 Ne6 17. Qb3 c6 18. c5 Kh8 19. Nc3 d5 20. Ne2 Qc7 21. Bh3 Rbe8 22. g4 fxg4 23. Bxg4 Qe7 24. Bxh5 gxh5 25. Ng3 Qxh4 26. Qd1 Qxb4 27. Bc3 Qg4 28. Qxg4 hxg4 29. Nh5 Rf5 30. Nxg7 Kxg7 31. e4 Rg5 32. exd5 cxd5 33. Bd2 Rf5 34. c6 bxc6 35. Rxc6 Nd4 36. Rc7+ Rf7 37. Rxf7+ Kxf7 38. Kg2 Kg6 39. Be3 Nf5 40. Bxa7 Ra8 41. Bb6 Rxa2 42. Re1 Nh4+ 43. Kg3 Nf3 44. Rc1 h5 45. Rc6+ Kf7 46. Rc1 Ra3 47. Rc7+ Ke6 48. Rc6+ Kd7 49. Rh6 Ra1 0-1